Mockingjay / (Record no. 12068)

MARC details
000 -LEADER
fixed length control field 00447cam a22001578a 4500
008 - FIXED-LENGTH DATA ELEMENTS--GENERAL INFORMATION
fixed length control field 091105s2010 nyu d 000 1 eng
010 ## - LIBRARY OF CONGRESS CONTROL NUMBER
LC control number 2009041042
020 ## - INTERNATIONAL STANDARD BOOK NUMBER
International Standard Book Number 9780439023511 (hardcover)
020 ## - INTERNATIONAL STANDARD BOOK NUMBER
International Standard Book Number 0439023513 (hardcover)
050 00 - LIBRARY OF CONGRESS CALL NUMBER
Classification number PZ7.C6837
Item number Moc 2010
082 00 -
Classification number [Fic]
Edition number 22
100 1# - MAIN ENTRY--PERSONAL NAME
Personal name Collins, Suzanne.
9 (RLIN) 4275
245 10 - TITLE STATEMENT
Title Mockingjay /
Statement of responsibility, etc. by Suzanne Collins.
250 ## - EDITION STATEMENT
Edition statement 1st ed.
260 ## - PUBLICATION, DISTRIBUTION, ETC. (IMPRINT)
Place of publication, distribution, etc. New York :
Name of publisher, distributor, etc. Scholastic Press,
Date of publication, distribution, etc. 2010.
Holdings
Withdrawn status Lost status Source of classification or shelving scheme Damaged status Koha normalized classification for sorting Not for loan Home library Current library Shelving location Date acquired Total Checkouts Full call number Barcode Date last seen Price effective from Koha item type
    Dewey Decimal Classification   COL_823_000000000000000   Good Samaritan School Library Good Samaritan School Library FICTION 10/10/2022   COL823 COL13467 10/10/2022 10/10/2022 BOOK

Powered by Koha